| 000 | 00920nam a2200241 i 4500 | ||
|---|---|---|---|
| 001 | 173214 | ||
| 003 | ES-MaACL | ||
| 005 | 20230906215157.0 | ||
| 008 | 091118s1990 ck |||| |dspa d | ||
| 020 | _a958-643-096-0 | ||
| 080 | _a986.1"1828" | ||
| 245 | 0 | 0 |
_aCausas y memorias de los conjurados del 25 de septiembre de 1828 / _cintroducción, María Isabel Perdomo Pardo, Germán Mejia Pavony. |
| 250 | _a1ª ed. | ||
| 260 |
_aBogotá : _bFundación Francisco de Paula Santander, _c1990. |
||
| 300 |
_a3 v. ; _c24 cm. |
||
| 490 | 1 |
_aBiblioteca de la Presidencia de la República. _aDocumentos ; _v46-48 |
|
| 651 | 4 |
_aColombia- _xHistoria- _y1822-1832. _98074 |
|
| 700 | 1 |
_aPerdomo Pardo, María Isabel. _9142715 |
|
| 700 | 1 |
_aMejía Pavony, Germán. _9142716 |
|
| 830 | 1 |
_aBiblioteca de la Presidencia de la República. _aDocumentos ; _v46-48 _9223497 |
|
| 852 | 4 |
_a BA _jC-37433-35 |
|
| 999 |
_c173214 _d173214 |
||